000 00718nam a2200289Ia 4500
005 20260324113533.0
008 008 260324s9999 xx 000 0 eng d
020 _a9781003343264
037 _aEBOOK
040 _aCRL
040 _beng
040 _cCRL
041 _2eng
041 _aeng
084 _qCRL
100 _aMary C. McClung
_91147162
245 0 _aMask Making Techniques
245 0 _bCreating 3-D Characters from 2-D Designs for Theatre, Cosplay, Film, and TV
260 _bTaylor and Francis
260 _c2023
365 _a
365 _b220
856 _uhttp://www.taylorfrancis.com/books/9781003343264
942 _cEBOOK
999 _c1736876
_d1736876